Les observatoires astronomiques et les astronomes (Record no. 369)
[ view plain ]
| 000 -LEADER | |
|---|---|
| fixed length control field | 00682nam a2200229Ia 4500 |
| 003 - CONTROL NUMBER IDENTIFIER | |
| control field | IN-BaIIA |
| 008 - FIXED-LENGTH DATA ELEMENTS--GENERAL INFORMATION | |
| fixed length control field | 211028s9999 xx 000 0 eng d |
| 040 ## - CATALOGING SOURCE | |
| Transcribing agency | IIA Library |
| 080 ## - UNIVERSAL DECIMAL CLASSIFICATION NUMBER | |
| Universal Decimal Classification number | 552.1 |
| Item number | STR |
| 100 ## - MAIN ENTRY--PERSONAL NAME | |
| Personal name | Stroobant, P. |
| 9 (RLIN) | 793 |
| 245 #0 - TITLE STATEMENT | |
| Title | Les observatoires astronomiques et les astronomes |
| Statement of responsibility, etc. | P. Stroobant…[et al.] |
| 260 ## - PUBLICATION, DISTRIBUTION, ETC. | |
| Place of publication, distribution, etc. | Bruxells |
| Name of publisher, distributor, etc. | Hayez |
| Date of publication, distribution, etc. | 1907 |
| 300 ## - PHYSICAL DESCRIPTION | |
| Extent | vi, 316p. |
| 650 ## - SUBJECT ADDED ENTRY--TOPICAL TERM | |
| Topical term or geographic name entry element | Astronomy |
| 9 (RLIN) | 80 |
| 650 ## - SUBJECT ADDED ENTRY--TOPICAL TERM | |
| Topical term or geographic name entry element | Astronomy and Astrophysics Thesaurus |
| 650 ## - SUBJECT ADDED ENTRY--TOPICAL TERM | |
| Topical term or geographic name entry element | Astrophysics |
| 9 (RLIN) | 794 |
| 700 ## - ADDED ENTRY--PERSONAL NAME | |
| Personal name | Delporte, E. |
| 9 (RLIN) | 795 |
| 700 ## - ADDED ENTRY--PERSONAL NAME | |
| Personal name | Delvosal, J. |
| 9 (RLIN) | 796 |
| 700 ## - ADDED ENTRY--PERSONAL NAME | |
| Personal name | Merlin, E. |
| 9 (RLIN) | 797 |
| 700 ## - ADDED ENTRY--PERSONAL NAME | |
| Personal name | Philippot, H. |
| 9 (RLIN) | 798 |
| 942 ## - ADDED ENTRY ELEMENTS (KOHA) | |
| Koha item type | Books |
| Withdrawn status | Lost status | Damaged status | Not for loan | Home library | Current library | Shelving location | Date acquired | Total Checkouts | Full call number | Barcode | Date last seen | Price effective from | Koha item type |
|---|---|---|---|---|---|---|---|---|---|---|---|---|---|
| IIA Library-Bangalore | IIA Library-Kodaikanal | General Stacks | 552.1/ STR | 362 | 05/11/2021 | Books |